000
00305nam a2200097Ia 4500
082
_a
332.02402 STRA
245
0
_a
The complete idiot's guide to beating debt
100
_a
STRAUSS, Steven D. Indianapolis, IN, 2003 2nd ed
_9
96562
942
_c
BK
008
210817s9999 xx 000 0 und d
999
_c
406187
_d
406186